[Event "FRA-ch Blitz Online Qual"]
[Site "Europe Echecs INT"]
[Date "2020.05.16"]
[Round "3"]
[White "Durand Le Ludec, Brendan Bubok"]
[Black "Gauthier, Laurent"]
[Result "1-0"]
[WhiteElo "2205"]
[BlackElo "1704"]
[PlyCount "117"]
[EventDate "2020.05.16"]
[EventType "swiss (blitz)"]
[EventRounds "15"]
[EventCountry "FRA"]
[SourceTitle "CBM 196 Extra"]
[Source "ChessBase"]
[SourceDate "2020.07.31"]
[SourceVersion "1"]
[SourceVersionDate "2020.07.31"]
[SourceQuality "1"]

1. e4 e5 2. Bc4 Nf6 3. Qf3 Bc5 4. Ne2 0-0 5. d3 c6 6. Bg5 h6 7. Bxf6 Qxf6 8. Qxf6 gxf6 9. Nbc3 b5 10. Bb3 a5 11. a3 Bb7 12. 0-0 Na6 13. Kh1 Nc7 14. f4 d5 15. Ng3 Kh7 16. Rf3 b4 17. Na4 Bd6 18. Nf5 Rad8 19. axb4 Bxb4 20. c3 Bd6 21. fxe5 Bxe5 22. d4 dxe4 23. Rh3 Bf4 24. Rf1 Bg5 25. Nc5 Ba6 26. Re1 Bd3 27. Nxd3 exd3 28. Rxd3 Rfe8 29. Rdd1 Kg6 30. Ne7+ Kg7 31. Nxc6 Rxe1+ 32. Rxe1 Rd6 33. Nxa5 Rb6 34. Re7 Ne6 35. Bxe6 Rxe6 36. Rxe6 fxe6 37. g3 Bc1 38. Nc4 Kf7 39. Kg2 Ke7 40. Kf3 h5 41. Ke2 Bh6 42. b4 Kd7 43. b5 Kc7 44. Kd3 Bf8 45. Ke4 Be7 46. h3 Bd8 47. g4 hxg4 48. hxg4 Be7 49. Ne3 Kb6 50. c4 Kb7 51. c5 Kc7 52. Nc4 Bf8 53. c6 Be7 54. d5 f5+ 55. gxf5 exf5+ 56. Kxf5 Bc5 57. b6+ Bxb6 58. Nxb6 Kxb6 59. Ke6 1-0

[Event "FRA-ch Blitz Online Qual"]
[Site "Europe Echecs INT"]
[Date "2020.05.16"]
[Round "13"]
[White "Gauthier, Laurent"]
[Black "Cornileau, Raphael"]
[Result "1-0"]
[WhiteElo "1704"]
[BlackElo "1397"]
[PlyCount "63"]
[EventDate "2020.05.16"]
[EventType "swiss (blitz)"]
[EventRounds "15"]
[EventCountry "FRA"]
[SourceTitle "CBM 196 Extra"]
[Source "ChessBase"]
[SourceDate "2020.07.31"]
[SourceVersion "1"]
[SourceVersionDate "2020.07.31"]
[SourceQuality "1"]

1. e4 e5 2. Nf3 Nc6 3. d4 exd4 4. c3 dxc3 5. Bc4 h6 6. Qb3 Qe7 7. 0-0 Na5 8. Qxc3 Nxc4 9. Qxc4 Qc5 10. Qb3 Be7 11. Be3 Qc6 12. Re1 Bc5 13. Nbd2 Bxe3 14. Rxe3 Ne7 15. Rc3 Qd6 16. Rd1 Qg6 17. Rxc7 0-0 18. Rc3 Rd8 19. Nc4 d5 20. Nce5 Qxe4 21. Re3 Qf5 22. Nd4 Qf6 23. Ng4 Qd6 24. Nb5 Qc6 25. Rxe7 Bxg4 26. Rc7 Qb6 27. Rdc1 a6 28. Qg3 Qxb5 29. Qxg4 Qxb2 30. Qf3 Rf8 31. Qxd5 Qxa2 32. Qxa2 1-0

[Event "FRA-ch Blitz Online Qual"]
[Site "Europe Echecs INT"]
[Date "2020.05.16"]
[Round "9"]
[White "Thibous, Leo"]
[Black "Gauthier, Laurent"]
[Result "0-1"]
[WhiteElo "1380"]
[BlackElo "1704"]
[PlyCount "30"]
[EventDate "2020.05.16"]
[EventType "swiss (blitz)"]
[EventRounds "15"]
[EventCountry "FRA"]
[SourceTitle "CBM 196 Extra"]
[Source "ChessBase"]
[SourceDate "2020.07.31"]
[SourceVersion "1"]
[SourceVersionDate "2020.07.31"]
[SourceQuality "1"]

1. Nf3 Nf6 2. g4 h6 3. h3 d5 4. Bg2 Nc6 5. 0-0 e5 6. d4 e4 7. Nfd2 Bd6 8. e3 0-0 9. c4 Nxg4 10. hxg4 Qh4 11. Re1 Bxg4 12. f3 Qh2+ 13. Kf1 Bh3 14. Qe2 Qh1+ 15. Kf2 Qxg2# 0-1

[Event "FRA-ch Blitz Online Qual"]
[Site "Europe Echecs INT"]
[Date "2020.05.16"]
[Round "1"]
[White "Travadon, Loic"]
[Black "Gauthier, Laurent"]
[Result "1-0"]
[WhiteElo "2431"]
[BlackElo "1704"]
[PlyCount "75"]
[EventDate "2020.05.16"]
[EventType "swiss (blitz)"]
[EventRounds "15"]
[EventCountry "FRA"]
[SourceTitle "CBM 196 Extra"]
[Source "ChessBase"]
[SourceDate "2020.07.31"]
[SourceVersion "1"]
[SourceVersionDate "2020.07.31"]
[SourceQuality "1"]

1. d4 Nf6 2. c4 c5 3. d5 b5 4. cxb5 a6 5. Nc3 d6 6. e4 axb5 7. Bxb5+ Bd7 8. Bxd7+ Nbxd7 9. Nf3 g6 10. 0-0 Bg7 11. a4 0-0 12. Re1 Qb6 13. Ra3 Rfb8 14. Nb5 Ne8 15. Nd2 Nc7 16. Nc4 Qb7 17. Nxc7 Qxc7 18. a5 Rb4 19. b3 Qb7 20. Bd2 Rb5 21. h4 Ne5 22. Nxe5 Bxe5 23. h5 Qa6 24. hxg6 hxg6 25. Qg4 Qc8 26. Qe2 Rab8 27. Qd3 Qb7 28. Rb1 Qa6 29. g3 Qb7 30. Kg2 c4 31. Qxc4 Rc8 32. Qd3 Rbc5 33. a6 Qa8 34. b4 Rc2 35. b5 Rb2 36. Rxb2 Bxb2 37. Ra2 Bg7 38. b6 1-0

[Event "Martinique-ch"]
[Site "Schoelcher"]
[Date "2014.05.22"]
[Round "6"]
[White "Gauthier, Laurent"]
[Black "Verneuil, Pascal"]
[Result "0-1"]
[WhiteElo "1798"]
[BlackElo "2079"]
[PlyCount "104"]
[EventDate "2014.05.17"]
[EventType "tourn"]
[EventRounds "11"]
[EventCountry "FRA"]
[SourceTitle "CBM 160 Extra"]
[Source "ChessBase"]
[SourceDate "2014.07.01"]
[SourceVersion "1"]
[SourceVersionDate "2014.07.01"]
[SourceQuality "1"]

1. e4 c5 2. Nf3 Nc6 3. Bb5 Nf6 4. d3 g6 5. Bxc6 bxc6 6. 0-0 Bg7 7. Nbd2 0-0 8. h3 Ne8 9. Rb1 Nc7 10. Nb3 Ne6 11. Be3 d6 12. e5 a5 13. a4 dxe5 14. Nxc5 Qd5 15. c4 Qd6 16. Ne4 Qc7 17. Neg5 Rd8 18. Nxe6 Bxe6 19. Qe2 Rab8 20. Ng5 Bc8 21. f4 f6 22. Ne4 f5 23. Nc5 exf4 24. Bxf4 Bd4+ 25. Be3 e5 26. Bxd4 Rxd4 27. Rfe1 e4 28. Kh1 Qd6 29. Nxe4 fxe4 30. dxe4 Qe5 31. b3 Be6 32. Qe3 Rbd8 33. Qf3 Rf8 34. Qc3 Rf4 35. Rbd1 Rfxe4 36. Qc1 Rxd1 37. Rxd1 Kg7 38. Rf1 Bf5 39. Qg5 Re2 40. Qd8 Qg3 41. Qd4+ Kh6 42. Qf4+ Qxf4 43. Rxf4 Kg5 44. Rf3 Rb2 45. Kg1 Bc2 46. Rf7 h5 47. Ra7 Bxb3 48. Rxa5+ Kf4 49. g3+ Kxg3 50. Rg5+ Kxh3 51. a5 Bxc4 52. Rxg6 Bb5 0-1

[Event "Martinique-ch"]
[Site "Schoelcher"]
[Date "2014.05.17"]
[Round "1"]
[White "Gauthier, Laurent"]
[Black "Medeuf, Yonhel"]
[Result "0-1"]
[WhiteElo "1798"]
[BlackElo "2044"]
[PlyCount "30"]
[EventDate "2014.05.17"]
[EventType "tourn"]
[EventRounds "11"]
[EventCountry "FRA"]
[SourceTitle "CBM 160 Extra"]
[Source "ChessBase"]
[SourceDate "2014.07.01"]
[SourceVersion "1"]
[SourceVersionDate "2014.07.01"]
[SourceQuality "1"]

1. e4 e6 2. d4 d5 3. e5 c5 4. Nf3 Nc6 5. a3 Qb6 6. Bd3 cxd4 7. 0-0 Bd7 8. b4 Nge7 9. Bb2 Ng6 10. Re1 Qc7 11. Bxg6 hxg6 12. Nxd4 Nxe5 13. Nxe6 Nf3+ 14. Qxf3 Qxh2+ 15. Kf1 Bb5+ 0-1

[Event "Schoelcher Martinique op"]
[Site "Schoelcher "]
[Date "2013.04.05"]
[Round "6"]
[White "Daniel, Kelvin"]
[Black "Gauthier, Laurent"]
[Result "1-0"]
[WhiteElo "1984"]
[BlackElo "1820"]
[PlyCount "105"]
[EventDate "2013.04.03"]
[EventType "swiss"]
[EventRounds "9"]
[EventCountry "MFR"]
[SourceTitle "CBM 153 Extra"]
[Source "ChessBase"]
[SourceDate "2013.04.22"]
[SourceVersion "1"]
[SourceVersionDate "2013.04.22"]
[SourceQuality "1"]

1. d4 d5 2. c4 Nc6 3. e3 e5 4. dxe5 d4 5. e4 Nxe5 6. Bf4 Ng6 7. Bg3 Bb4+ 8. Nd2 N8e7 9. Bd3 0-0 10. Ngf3 f5 11. exf5 Bxf5 12. Bxf5 Nxf5 13. 0-0 Nxg3 14. hxg3 Be7 15. Re1 c5 16. Ne4 b6 17. Qd3 Bf6 18. Ned2 Re8 19. Rxe8+ Qxe8 20. Re1 Qa4 21. Qe4 Rd8 22. Qe6+ Kf8 23. a3 Qd7 24. Kf1 Qxe6 25. Rxe6 Kf7 26. Re4 Rd7 27. b3 a6 28. Re1 Re7 29. Rxe7+ Kxe7 30. Ke2 Ke6 31. Kd3 Ne5+ 32. Nxe5 Kxe5 33. Ne4 Be7 34. Nd2 Bd6 35. Nf3+ Kf5 36. Ne1 g5 37. Ke2 Kg4 38. Nd3 Bxg3 39. fxg3 Kxg3 40. Kf1 h5 41. b4 g4 42. bxc5 bxc5 43. Nxc5 Kf4 44. Nd3+ Ke4 45. Ke2 h4 46. c5 Kd5 47. Kf2 a5 48. a4 Ke4 49. c6 Kxd3 50. c7 Kd2 51. c8Q g3+ 52. Kf3 Kd3 53. Qc5 1-0

[Event "Avoine op 25th"]
[Site "Avoine"]
[Date "2010.07.21"]
[Round "5"]
[White "Gauthier, Laurent"]
[Black "Laurent, Michel"]
[Result "0-1"]
[WhiteElo "1841"]
[BlackElo "2054"]
[PlyCount "78"]
[EventDate "2010.07.17"]
[EventType "swiss"]
[EventRounds "9"]
[EventCountry "FRA"]
[SourceTitle "EXT 2011"]
[Source "ChessBase"]
[SourceDate "2010.11.26"]
[SourceVersion "1"]
[SourceVersionDate "2010.11.26"]
[SourceQuality "1"]

1. e4 c5 2. Nf3 d6 3. d4 Nf6 4. Nc3 cxd4 5. Nxd4 e6 6. Be3 a6 7. Be2 Be7 8. 0-0 0-0 9. f4 Qc7 10. Qe1 b6 11. Qg3 Kh8 12. Rad1 Bb7 13. Bd3 Nbd7 14. Nb3 d5 15. exd5 Nxd5 16. Nxd5 Bxd5 17. c4 Bb7 18. Bd4 Bf6 19. Kh1 Bxd4 20. Nxd4 Nf6 21. Qh4 Be4 22. Bxe4 Nxe4 23. f5 exf5 24. Rxf5 Rae8 25. b3 Qe7 26. Qxe7 Rxe7 27. Nc6 Re6 28. Rxf7 Rfe8 29. Rdf1 Kg8 30. Rc7 Nd2 31. Rg1 h5 32. h3 Re2 33. Nd4 Rf2 34. Nf3 Ne4 35. Re1 Rxa2 36. Ng5 Ng3+ 37. Kh2 Ne2 38. Rf1 Rf8 39. Rxg7+ Kxg7 0-1

[Event "Angers op 5th"]
[Site "Angers"]
[Date "2010.04.24"]
[Round "3"]
[White "Gauthier, Laurent"]
[Black "Julien, Jules Alois"]
[Result "1-0"]
[WhiteElo "1828"]
[BlackElo "1470"]
[PlyCount "133"]
[EventDate "2010.04.23"]
[EventType "swiss"]
[EventRounds "6"]
[EventCountry "FRA"]
[SourceTitle "EXT 2011"]
[Source "ChessBase"]
[SourceDate "2010.11.26"]
[SourceVersion "1"]
[SourceVersionDate "2010.11.26"]
[SourceQuality "1"]

1. e4 e6 2. d4 d5 3. Nd2 Nf6 4. e5 Nfd7 5. Ngf3 c5 6. c3 Nc6 7. Bd3 Qb6 8. 0-0 cxd4 9. cxd4 Nxd4 10. Nxd4 Qxd4 11. Nf3 Qb6 12. Qc2 g6 13. Be3 Qc6 14. Rac1 Qxc2 15. Rxc2 Bg7 16. Rfc1 0-0 17. Bd4 Nb6 18. Rc7 Rd8 19. Ng5 Nd7 20. f4 h6 21. Nf3 b6 22. Bb5 a6 23. Bxd7 Bxd7 24. Bxb6 Rdc8 25. Rxc8+ Rxc8 26. Rxc8+ Bxc8 27. Nd4 g5 28. Nc6 Bd7 29. Nb8 Bb5 30. g3 f6 31. Bd4 f5 32. Kf2 Bc4 33. b3 Bd3 34. a4 gxf4 35. gxf4 Bf8 36. Ke3 Bf1 37. Nd7 Be7 38. Bc5 Bh4 39. Bd4 Be1 40. Nc5 Kg7 41. Nd3 Ba5 42. Bc5 Kg6 43. b4 Bd8 44. b5 axb5 45. axb5 Kh5 46. b6 Bxb6 47. Bxb6 Bxd3 48. Kxd3 Kg4 49. Be3 Kh3 50. Kd4 Kxh2 51. Kc5 Kg2 52. Kd6 h5 53. Kxe6 h4 54. Kxf5 h3 55. e6 h2 56. e7 h1Q 57. e8Q Qh3+ 58. Kf6 Kf3 59. f5 Qh4+ 60. Bg5 Qd4+ 61. Qe5 Qb6+ 62. Kf7 Qb7+ 63. Be7 Qb3 64. Ke6 d4+ 65. Qd5+ Qxd5+ 66. Kxd5 d3 67. Bb4 1-0

[Event "Angers op 4th"]
[Site "Angers"]
[Date "2009.04.19"]
[Round "5"]
[White "Gauthier, Laurent"]
[Black "Mauget, Jean Pierre"]
[Result "0-1"]
[WhiteElo "1808"]
[BlackElo "1840"]
[PlyCount "96"]
[EventDate "2009.04.17"]
[EventType "swiss"]
[EventRounds "6"]
[EventCountry "FRA"]
[SourceTitle "CBM 129 Extra"]
[Source "ChessBase"]
[SourceDate "2009.05.05"]
[SourceVersion "2"]
[SourceVersionDate "2009.05.20"]
[SourceQuality "1"]

1. e4 c5 2. Nf3 e6 3. d4 cxd4 4. Nxd4 a6 5. Nc3 Qc7 6. Be3 Bb4 7. Qd2 Nf6 8. f3 0-0 9. a3 Bxc3 10. bxc3 d5 11. Bd3 dxe4 12. Bxe4 Nxe4 13. fxe4 e5 14. 0-0 exd4 15. cxd4 Bd7 16. d5 Bb5 17. Rf3 Nd7 18. Rg3 Kh8 19. Rxg7 Qd6 20. Bd4 Ne5 21. Qg5 Rae8 22. Re1 h6 23. Qg3 Qf6 24. Bxe5 Rxe5 25. Rg4 Rfe8 26. Kh1 Rg5 27. Qf4 Qxf4 28. Rxf4 Kg7 29. Re3 Rxd5 30. h3 Rde5 31. Rg3+ Rg5 32. Rgf3 Re7 33. h4 Rg6 34. e5 Bc6 35. Rf2 Kf8 36. Kh2 Rge6 37. Rf6 Rxf6 38. exf6 Re4 39. g3 Re3 40. g4 Rf3 41. Rxf3 Bxf3 42. Kg3 Be4 43. c3 Ke8 44. Kf4 Bc2 45. h5 Kd7 46. g5 hxg5+ 47. Kxg5 Ke6 48. c4 b6 0-1

[Event "Angers op 3rd"]
[Site "Angers"]
[Date "2008.04.25"]
[Round "1"]
[White "Gauthier, Laurent"]
[Black "Hadet, Emmanuel"]
[Result "0-1"]
[WhiteElo "1858"]
[BlackElo "2010"]
[PlyCount "78"]
[EventDate "2008.04.25"]
[EventType "swiss"]
[EventRounds "6"]
[EventCountry "FRA"]
[SourceTitle "CBM 123 Extra"]
[Source "ChessBase"]
[SourceDate "2008.05.06"]
[SourceVersion "1"]
[SourceVersionDate "2008.05.06"]
[SourceQuality "1"]

1. e4 c5 2. Nf3 Nc6 3. Nc3 Nf6 4. Bc4 e6 5. Bb3 Nd4 6. d3 Nxb3 7. axb3 d6 8. 0-0 Be7 9. Ne2 0-0 10. Ng3 b5 11. Ne1 Bb7 12. f4 c4 13. bxc4 bxc4 14. e5 dxe5 15. fxe5 Ne4 16. Nxe4 Bxe4 17. d4 f6 18. Be3 Qc7 19. Qg4 Bf5 20. Qg3 a5 21. Bf4 Qb6 22. Qc3 Rfd8 23. Kh1 Qxd4 24. Qxd4 Rxd4 25. c3 Rd5 26. Nf3 a4 27. Rfd1 Rad8 28. Rxd5 Rxd5 29. exf6 gxf6 30. h3 e5 31. Be3 Bc2 32. Nd2 Bb3 33. Nxb3 axb3 34. Ra4 Rd1+ 35. Kh2 Rb1 36. Rxc4 Rxb2 37. Rc8+ Kf7 38. Rc7 Ke6 39. Rb7 Re2 0-1

[Event "Angers op 2nd"]
[Site "Angers"]
[Date "2007.04.14"]
[Round "3.6"]
[White "Gauthier, Laurent"]
[Black "Le Ray, Jean Yves"]
[Result "1-0"]
[WhiteElo "1730"]
[BlackElo "1966"]
[PlyCount "59"]
[EventDate "2007.04.13"]
[EventType "swiss"]
[EventRounds "6"]
[EventCountry "FRA"]
[SourceTitle "CBM 117 Extra"]
[Source "ChessBase"]
[SourceDate "2007.05.09"]
[SourceVersion "1"]
[SourceVersionDate "2007.05.09"]
[SourceQuality "1"]

1. e4 c5 2. Nf3 d6 3. d4 cxd4 4. Nxd4 Nf6 5. Nc3 a6 6. Be3 Ng4 7. Bg5 Qb6 8. Nd5 Qd8 9. Nf5 Bxf5 10. exf5 Nf6 11. Bc4 Qa5+ 12. b4 Qd8 13. 0-0 Nc6 14. Bxf6 gxf6 15. Qe2 Bg7 16. a4 0-0 17. Ra3 h6 18. Rg3 Kh7 19. Qh5 Ne5 20. Bb3 Rc8 21. Re1 Qe8 22. f4 e6 23. Nb6 Rc6 24. fxe5 Rxb6 25. Qg4 Rg8 26. fxe6 fxe6 27. Bxe6 dxe5 28. Bxg8+ Qxg8 29. Rd1 Re6 30. Rd7 1-0